| 000 | 02004cam a2200613 i 4500 | ||
|---|---|---|---|
| 001 | 22283 | ||
| 003 | KOSZ 005 | ||
| 005 | 20240829132459.0 | ||
| 008 | 240829s1983 pl g 001 0 pol | ||
| 015 | _aUWD 1983/7050 | ||
| 020 | _a8301044462 | ||
| 035 | _a991009460709705066 | ||
| 035 | _a(PL-WaBN)b12561162-48omnis_nlop | ||
| 035 | _ab12561162 | ||
| 035 | _a(OCoLC)69561005 | ||
| 035 | _azz2004781351 | ||
| 035 | _a(PL)b0000001256116 | ||
| 035 | _a(EXLNZ-48OMNIS_NETWORK)9910200943605606 | ||
| 040 |
_aWA N _cWA N _dKOSZ 005/RW |
||
| 041 | 1 |
_apol _heng _hger _hrus |
|
| 045 |
_bd1936 _bd1941 |
||
| 046 | _k1983 | ||
| 080 | _a94(438).081 | ||
| 080 | _a94(438).082 | ||
| 080 | _a94(410) | ||
| 080 | _a327 | ||
| 100 | 1 |
_aNurek, Mieczysław _d(1945- ) _eAutor |
|
| 245 | 1 | 0 |
_aPolska w polityce Wielkiej Brytanii w latach 1936-1941 / _cMieczysław Nurek. |
| 250 | _aWydanie I. | ||
| 260 |
_aWarszawa : _bPaństwowe Wydawnictwo Naukowe, _c1983. |
||
| 300 |
_a343, [4] strony ; _c21 cm. |
||
| 336 |
_aTekst _btxt _2rdacontent |
||
| 337 |
_aBez urządzenia pośredniczącego _bn _2rdamedia |
||
| 338 |
_aWolumin _bnc _2rdacarrier |
||
| 380 | _aKsiążki | ||
| 380 | _aPublikacje naukowe | ||
| 388 | 1 | _a1901-2000 | |
| 388 | 1 | _a1945-1989 | |
| 504 | _aBibliografia na stronach 322-[332]. Indeksy. | ||
| 546 | _aCzęściowo tłumaczone z języka angielskiego, niemieckiego i rosyjskiego. | ||
| 648 | 7 |
_a1901-2000 _2DBN |
|
| 648 | 7 |
_a1918-1939 _2DBN |
|
| 648 | 7 |
_a1939-1945 _2DBN |
|
| 650 | 7 | _aPolityka zagraniczna | |
| 651 | 7 |
_aPolska _2DBN |
|
| 651 | 7 |
_aWielka Brytania _2DBN |
|
| 655 | 7 | _aOpracowanie | |
| 658 | _aHistoria | ||
| 658 | _aPolityka, politologia, administracja publiczna | ||
| 710 | 2 |
_aPaństwowe Wydawnictwo Naukowe _4pbl |
|
| 856 |
_uhttps://koha.tu.koszalin.pl/cgi-bin/koha/opac-detail.pl?biblionumber=22283 _yKatalog online BPK |
||
| 942 |
_2UKD _cKS |
||
| 999 |
_c22283 _d22283 |
||